banner-ar

اصول الفلسفة الماركسية 1 - 2 / (Record no. 41144)

MARC details
000 -الفاتح
حقل البيانات ثابتة الطول 00574nam a2200205Ia 4500
008 - عناصر البيانات ثابتة الطول - معلومات عامة
حقل البيانات ثابتة الطول 140319s9999 xx 000 0 ara d
040 ## - مصدر الفهرسة
وكالة الفهرسة الأصلية GCL /
وكالة النسخ GCL
082 04 - رقم تصنيف ديوى العشرى
رقم التصنيف 109
رقم المادة ب ا
100 1# - المدخل الرئيسى - إسم شخصى
الإسم الشخصى بوليترز، جورج
245 10 - بيان العنوان
العنوان اصول الفلسفة الماركسية 1 - 2 /
بيان المسئوليه,etc بوليترز، جورج
700 1# - المدخل الاضافى - اسم شخصى
الإسم الشخصى بيس، جى
700 1# - المدخل الاضافى - اسم شخصى
الإسم الشخصى كافين، موريس
700 1# - المدخل الاضافى - اسم شخصى
الإسم الشخصى شعبان بركات
300 ## - الوصف المادى
التعداد متعدد
490 ## - بيان السلسلة
عنوان السلسلة
650 04 - المدخل الاضافى بالموضوع-مصطلح موضوعى
مصطلح موضوعي الفلسفة
650 04 - المدخل الاضافى بالموضوع-مصطلح موضوعى
مصطلح موضوعي الفلسفة اليونانية
942 ## - عناصر المدخل الإضافي( كوها)
مصدر التصنيف او مخطط الترفيف Dewey Decimal Classification
Koha [default] item type كتاب
Holdings
حالة التراجع حالة الفقد حالة تلف ليس للاعارة المكان المؤقت الموقع الحالى تاريخ الاكتساب اجمالي اﻻعارات رقم الطلب الباركود تاريخ اخر مشاهدة تاريخ تفعيل السعر نوع وعاء كوها
        مكتبة القاهرة الكبرى مكتبة القاهرة الكبرى 03/26/2014   109\ب ا 99148 03/26/2014 03/26/2014 كتاب

Powered By

EGPV